000 00576cam a2200217 a 4500
001 3315219
005 20180215072442.0
008 841022s1985 njua b 001 0 eng
010 _a 84024816
020 _a013078494X
040 _aDLC
_cDLC
_dDLC
041 _aeng
080 _a612.76 HAY
082 0 0 _a612.76 HAY
_219
100 1 _a8
101 _aEKF
245 1 4 _aThe biomechanics of sports techniques /
_cJames G. Hay.
504 _aIncludes bibliographical references and indexes.
906 _a7
_bcbc
_corignew
_d1
_eocip
_f19
_gy-gencatlg
942 _2ddc
_cBK
999 _c42667
_d42667